[Event "Quebec op U2400"]
[Site "Montreal CAN"]
[Date "2009.07.19"]
[Round "3"]
[White "Hajiyev, Elshad"]
[Black "Dumont, Felix"]
[Result "1-0"]
[WhiteElo "2096"]
[BlackElo "1786"]
[PlyCount "135"]
[GameId "2160767910155575"]
[EventDate "2009.07.18"]
[EventType "swiss"]
[EventRounds "9"]
[EventCountry "CAN"]
[SourceTitle "hb 2009.08"]

1. d4 Nf6 2. Bg5 g6 3. Bxf6 exf6 4. e4 Bg7 5. Nc3 d6 6. f4 f5 7. e5 dxe5 8. dxe5 O-O 9. Bc4 Be6 10. Bxe6 fxe6 11. Nf3 Nd7 12. Qe2 a6 13. Qc4 Re8 14. O-O-O c5 15. Rd6 b5 16. Qd3 Ra7 17. Rd1 Re7 18. Nd5 exd5 19. Qxd5+ Kf8 20. Ng5 Bh6 21. Rf6+ Kg7 22. Rf7+ Kh8 23. e6 Bxg5 24. Qe5+ Bf6 25. Rxf6 Nxe5 26. Rxd8+ Kg7 27. fxe5 Rac7 28. Rd6 a5 29. Kd2 c4 30. c3 Rc5 31. Rf7+ Rxf7 32. exf7 Kxf7 33. Rd7+ Ke6 34. Rxh7 Rd5+ 35. Ke2 Rxe5+ 36. Kd2 Rd5+ 37. Kc2 a4 38. Rh8 f4 39. Re8+ Kf5 40. Re2 Kg4 41. b3 axb3+ 42. axb3 Rh5 43. h3+ Kg3 44. Kb2 Rc5 45. Rd2 f3 46. gxf3 Kxf3 47. Rd4 g5 48. Rg4 Ke3 49. bxc4 bxc4 50. Ka3 Kd3 51. Kb4 Rf5 52. Rg3+ Ke2 53. Kxc4 Kf2 54. Rg4 Rf4+ 55. Kb5 Rf3 56. c4 Rxh3 57. Rxg5 Ke3 58. Rd5 Ke4 59. Rd1 Rb3+ 60. Kc6 Re3 61. c5 Ke5 62. Kc7 Ke6 63. c6 Ke7 64. Kc8 Rc3 65. c7 Re3 66. Rb1 Rc3 67. Kb7 Kd7 68. Rd1+ 1-0

[Event "Quebec op U2400"]
[Site "Montreal CAN"]
[Date "2009.07.19"]
[Round "3"]
[White "Ibrahim, Anthony"]
[Black "Libersan, Thierry"]
[Result "1-0"]
[WhiteElo "2172"]
[BlackElo "2094"]
[PlyCount "97"]
[GameId "2160767910155577"]
[EventDate "2009.07.18"]
[EventType "swiss"]
[EventRounds "9"]
[EventCountry "CAN"]
[SourceTitle "hb 2009.08"]

1. e4 d5 2. exd5 Nf6 3. c4 e6 4. d4 exd5 5. Nf3 c6 6. Nc3 Be7 7. cxd5 cxd5 8. Ne5 O-O 9. Bd3 Nc6 10. O-O Qb6 11. Na4 Qd8 12. Nxc6 bxc6 13. Bf4 Bd6 14. Bxd6 Qxd6 15. h3 g6 16. Rc1 Bd7 17. Nc5 Be8 18. Qf3 Nd7 19. Rfe1 Nxc5 20. dxc5 Qb8 21. Qf6 Qb4 22. h4 Qd2 23. Rcd1 Qh6 24. Re7 Qg7 25. Qxg7+ Kxg7 26. Ba6 Kg8 27. b4 f5 28. Rde1 Bf7 29. Bb7 Rab8 30. a3 Be8 31. R1e6 Bf7 32. Rxc6 Rbd8 33. Kf1 d4 34. Ke1 Rfe8 35. Rcc7 Kf8 36. Rxe8+ Rxe8+ 37. Kd2 Bc4 38. Bf3 Re7 39. Rxe7 Kxe7 40. Be2 Bd5 41. Kd3 Bxg2 42. Kxd4 h6 43. Ke5 Be4 44. Bb5 Bb7 45. Bc4 Bc8 46. b5 g5 47. hxg5 hxg5 48. Bd3 f4 49. Bf5 1-0

[Event "Quebec op U2400"]
[Site "Montreal CAN"]
[Date "2009.07.19"]
[Round "3"]
[White "Khassanov, Marat"]
[Black "Zozulia, Anna"]
[Result "0-1"]
[WhiteElo "2284"]
[BlackElo "2341"]
[PlyCount "65"]
[GameId "2160767910155578"]
[EventDate "2009.07.18"]
[EventType "swiss"]
[EventRounds "9"]
[EventCountry "CAN"]
[SourceTitle "EXT 2011"]
[Source "ChessBase"]
[SourceDate "2011.11.26"]
[SourceVersion "1"]
[SourceVersionDate "2011.11.26"]
[SourceQuality "1"]

1. e4 c5 2. Nf3 Nc6 3. c3 d6 4. d4 Nf6 5. d5 Nb8 6. Bb5+ Bd7 7. Bxd7+ Nbxd7 8. Qe2 g6 9. O-O Bg7 10. h3 O-O 11. Bf4 a6 12. a4 b6 13. c4 Qc7 14. Nc3 Nh5 15. Bh2 e5 16. dxe6 fxe6 17. Qd2 Ne5 18. Nxe5 dxe5 19. Rad1 Rad8 20. Qc2 Nf6 21. Bg3 Rd4 22. b3 Qd6 23. f3 Rd8 24. Bf2 Rd2 25. Rxd2 Qxd2 26. Rc1 Bh6 27. Ne2 Rd3 28. Qxd2 Bxd2 29. Rc2 Nd7 30. Bh4 g5 31. Rxd2 Rxd2 32. Bxg5 Rd3 33. Nc1 0-1

[Event "Quebec op U2400"]
[Site "Montreal CAN"]
[Date "2009.07.19"]
[Round "3"]
[White "Libersan, Mattieu"]
[Black "Luksza, Arkadiusz"]
[Result "0-1"]
[WhiteElo "1863"]
[BlackElo "2129"]
[PlyCount "50"]
[GameId "2160767910155581"]
[EventDate "2009.07.18"]
[EventType "swiss"]
[EventRounds "9"]
[EventCountry "CAN"]
[SourceTitle "hb 2009.08"]

1. e4 d6 2. d4 g6 3. Nc3 Bg7 4. Be3 c6 5. h4 Nf6 6. Be2 h5 7. f3 Qb6 8. Qd2 Qxb2 9. Rb1 Qa3 10. e5 Nd5 11. Nxd5 cxd5 12. Bb5+ Bd7 13. Ne2 dxe5 14. dxe5 Nc6 15. f4 e6 16. O-O O-O 17. Bd3 b6 18. Rbe1 Rfd8 19. f5 exf5 20. Bg5 Re8 21. Bf6 Qc5+ 22. Kh1 Nxe5 23. Bxe5 Rxe5 24. Ng3 Rxe1 25. Rxe1 Qd4 0-1

[Event "Quebec op U2400"]
[Site "Montreal CAN"]
[Date "2009.07.19"]
[Round "3"]
[White "Ramaswamy, Kishor"]
[Black "Poulin, Mathieu"]
[Result "1/2-1/2"]
[WhiteElo "2118"]
[BlackElo "1749"]
[PlyCount "70"]
[GameId "2160767910155582"]
[EventDate "2009.07.18"]
[EventType "swiss"]
[EventRounds "9"]
[EventCountry "CAN"]
[SourceTitle "hb 2009.08"]

1. d4 d5 2. Nf3 Nf6 3. Bf4 e6 4. e3 Be7 5. Nbd2 O-O 6. Bd3 c5 7. c3 Nc6 8. Ne5 cxd4 9. exd4 Bd6 10. O-O Qc7 11. Re1 Bd7 12. Re3 Ne7 13. Bg5 Ng6 14. Ndf3 Rfc8 15. Nxg6 hxg6 16. Ne5 Rab8 17. Qf3 Be7 18. Bf4 Bd6 19. g4 b5 20. a3 a5 21. Bg3 Be8 22. Rc1 Nd7 23. Nxd7 Qxd7 24. Bxd6 Qxd6 25. b4 axb4 26. axb4 Ra8 27. Qe2 Qa6 28. Qb2 Qa3 29. Re2 Qxb2 30. Rxb2 Ra3 31. Rbc2 g5 32. Kf1 Kf8 33. Ke2 Ke7 34. Kd2 Bd7 35. Bf1 Rca8 1/2-1/2

[Event "Quebec op U2400"]
[Site "Montreal CAN"]
[Date "2009.07.19"]
[Round "3"]
[White "Robichaud, Louis"]
[Black "Trinh, Tri Bao"]
[Result "1/2-1/2"]
[WhiteElo "2123"]
[BlackElo "2039"]
[PlyCount "44"]
[GameId "2160767910155583"]
[EventDate "2009.07.18"]
[EventType "swiss"]
[EventRounds "9"]
[EventCountry "CAN"]
[SourceTitle "hb 2009.08"]

1. e4 c5 2. Nc3 g6 3. g3 Nc6 4. Bg2 Bg7 5. d3 d6 6. f4 Nf6 7. Nge2 O-O 8. O-O Rb8 9. h3 Nd4 10. Be3 Nd7 11. Rb1 e6 12. a3 f5 13. b4 Nxe2+ 14. Nxe2 b6 15. c4 Bb7 16. Qc2 Qc7 17. Rbc1 Rbc8 18. Nc3 a6 19. Qf2 Qb8 20. bxc5 Nxc5 21. Bxc5 bxc5 22. Qe2 Bd4+ 1/2-1/2

[Event "Quebec op U2400"]
[Site "Montreal CAN"]
[Date "2009.07.19"]
[Round "3"]
[White "Voskanyan, Vahagn"]
[Black "Mai, Lloyd"]
[Result "0-1"]
[WhiteElo "2258"]
[BlackElo "2173"]
[PlyCount "76"]
[GameId "2160767910155585"]
[EventDate "2009.07.18"]
[EventType "swiss"]
[EventRounds "9"]
[EventCountry "CAN"]
[SourceTitle "EXT 2011"]
[Source "ChessBase"]
[SourceDate "2011.11.26"]
[SourceVersion "1"]
[SourceVersionDate "2011.11.26"]
[SourceQuality "1"]

1. e4 c5 2. Nf3 d6 3. Bb5+ Bd7 4. Bxd7+ Qxd7 5. c4 Nc6 6. d4 cxd4 7. Nxd4 g6 8. O-O Bg7 9. Nc2 Rc8 10. Ne3 Nf6 11. Nc3 Na5 12. b3 Nxe4 13. Nxe4 Bxa1 14. Bd2 Nxb3 15. axb3 Bg7 16. Bc3 Bxc3 17. Nxc3 O-O 18. Qd4 a6 19. Ned5 Rce8 20. Re1 f6 21. h3 e5 22. Qh4 Kg7 23. Ne4 Qd8 24. g4 h6 25. Qg3 f5 26. gxf5 Rxf5 27. Rd1 Ref8 28. Ne3 Rf3 29. Qg2 Qh4 30. Ng4 h5 31. Ngf6 R8xf6 32. Nxf6 Qxf6 33. Rxd6 Qf5 34. Rb6 Rxh3 35. Rxb7+ Kh6 36. f3 Qb1+ 37. Kf2 Qc2+ 38. Kg1 Qd1+ 0-1

[Event "Quebec op U2400"]
[Site "Montreal CAN"]
[Date "2009.07.19"]
[Round "3"]
[White "Wang, Andrew"]
[Black "Wenaas, Eric"]
[Result "1/2-1/2"]
[WhiteElo "2114"]
[BlackElo "2171"]
[PlyCount "110"]
[GameId "2160767910155586"]
[EventDate "2009.07.18"]
[EventType "swiss"]
[EventRounds "9"]
[EventCountry "CAN"]
[SourceTitle "hb 2009.08"]

1. e4 e5 2. Nf3 Nc6 3. Bb5 a6 4. Ba4 Nf6 5. Qe2 d6 6. c3 b5 7. Bb3 Be7 8. O-O O-O 9. a4 Rb8 10. axb5 axb5 11. d4 exd4 12. cxd4 Bg4 13. Rd1 Qc8 14. Nc3 Re8 15. Nxb5 Qb7 16. Bc4 Bf8 17. Nc3 Nb4 18. d5 Nxe4 19. Nxe4 f5 20. Nf6+ gxf6 21. Qf1 Re4 22. h3 Bh5 23. b3 Bf7 24. Ra5 c5 25. dxc6 Bxc4 26. Qxc4+ Rxc4 27. cxb7 Rc7 28. Rxf5 Be7 29. Ba3 Rcxb7 30. Bxb4 Rxb4 31. Nd4 Rc8 32. Rb5 Rxb5 33. Nxb5 Rb8 34. Rd5 Kf7 35. Nd4 Rc8 36. b4 Rc1+ 37. Kh2 Rc3 38. f3 Rd3 39. Kg3 Rd2 40. f4 Bd8 41. Kf3 Bb6 42. Ke3 Rxg2 43. Rxd6 Rg3+ 44. Kf2 Rd3 45. Rxb6 Rxd4 46. Kg3 Kg6 47. Rb8 Rd3+ 48. Kh4 Rd4 49. Kg4 h5+ 50. Kf3 Rd3+ 51. Ke4 Rxh3 52. f5+ Kg7 53. Rb7+ Kh6 54. b5 Rb3 55. Rb8 Rb4+ 1/2-1/2

[Event "Quebec op U2400"]
[Site "Montreal CAN"]
[Date "2009.07.19"]
[Round "3"]
[White "Wilkin, Alain"]
[Black "Gagnon, Serge"]
[Result "1-0"]
[WhiteElo "1928"]
[BlackElo "2047"]
[PlyCount "49"]
[GameId "2160767910155587"]
[EventDate "2009.07.18"]
[EventType "swiss"]
[EventRounds "9"]
[EventCountry "CAN"]
[SourceTitle "hb 2009.08"]

1. e4 d6 2. d4 g6 3. f4 Nf6 4. Nc3 Bg7 5. Nf3 O-O 6. Bd3 c6 7. Be3 Qa5 8. Qd2 Bg4 9. O-O Bxf3 10. gxf3 Nfd7 11. Kh1 e5 12. dxe5 dxe5 13. f5 Nf6 14. Rg1 Nbd7 15. Qf2 b5 16. Ne2 Nh5 17. c3 Kh8 18. Qh4 Qd8 19. Qh3 a6 20. Bc2 c5 21. Rad1 Qe7 22. fxg6 Nhf6 23. gxh7 c4 24. Rxg7 Kxg7 25. h8=Q+ 1-0

[Event "Quebec op U2400"]
[Site "Montreal CAN"]
[Date "2009.07.20"]
[Round "4"]
[White "Arsenault, Nicolas"]
[Black "Khassanov, Marat"]
[Result "1/2-1/2"]
[WhiteElo "2161"]
[BlackElo "2284"]
[PlyCount "122"]
[GameId "2160767910155588"]
[EventDate "2009.07.18"]
[EventType "swiss"]
[EventRounds "9"]
[EventCountry "CAN"]
[SourceTitle "hb 2009.08"]

1. e4 e5 2. Nf3 Nc6 3. Nc3 Nf6 4. g3 d5 5. exd5 Nxd5 6. Bg2 Nxc3 7. bxc3 Bc5 8. O-O O-O 9. d3 Re8 10. Ng5 Bf5 11. Ne4 Bb6 12. Be3 Qe7 13. Qc1 Bg6 14. a4 Rad8 15. Qb2 f6 16. a5 Bxe3 17. fxe3 f5 18. Nd2 Rb8 19. Qa3 e4 20. d4 Qd7 21. Kh1 Ne5 22. Rad1 Ng4 23. c4 b6 24. a6 Bh5 25. Rde1 Bf7 26. Qc3 Rbd8 27. Bh3 Bh5 28. Nb3 Rf8 29. Bg2 Qd6 30. Bh3 Qh6 31. Bxg4 Bxg4 32. d5 c5 33. dxc6 Qxc6 34. Nd4 Qh6 35. c5 Kh8 36. c6 Rd5 37. Rf2 Rc5 38. Qb3 Rf6 39. Kg1 Qh5 40. Qb4 Qe8 41. Ra1 Qb8 42. Ra3 Bh3 43. Rc3 Rxc3 44. Qxc3 Qc7 45. Qc4 h6 46. Rd2 Qc8 47. c7 Rd6 48. Nb3 Rxd2 49. Nxd2 b5 50. Qe2 f4 51. exf4 Qg4 52. Qe3 Kh7 53. Qxe4+ Kh8 54. Qe8+ Kh7 55. Qe4+ Kh8 56. Qf3 Qd7 57. Qa8+ Kh7 58. Qd8 Qc6 59. Qd3+ Kh8 60. Qd8+ Kh7 61. Qd3+ Kh8 1/2-1/2

[Event "Quebec op U2400"]
[Site "Montreal CAN"]
[Date "2009.07.20"]
[Round "4"]
[White "Berube, Antoine"]
[Black "Berson, Jordan"]
[Result "1-0"]
[WhiteElo "2151"]
[BlackElo "1937"]
[PlyCount "56"]
[GameId "2160767910155589"]
[EventDate "2009.07.18"]
[EventType "swiss"]
[EventRounds "9"]
[EventCountry "CAN"]
[SourceTitle "hb 2009.08"]

1. d4 Nf6 2. c4 g6 3. Nc3 d5 4. cxd5 Nxd5 5. e4 Nxc3 6. bxc3 Bg7 7. Bc4 O-O 8. Ne2 c5 9. O-O Nc6 10. Be3 Bg4 11. f3 Na5 12. Bxf7+ Rxf7 13. fxg4 Rxf1+ 14. Kxf1 Qd6 15. Kg1 Qe6 16. Qd3 Qxg4 17. Rf1 cxd4 18. cxd4 h6 19. h3 Qe6 20. d5 Qd6 21. Nd4 Rd8 22. Qe2 Rf8 23. Rxf8+ Bxf8 24. Ne6 Bg7 25. Bc5 Qd7 26. Qg4 Kf7 27. Qf4+ Kg8 28. Nxg7 e5 1-0

[Event "Quebec op U2400"]
[Site "Montreal CAN"]
[Date "2009.07.20"]
[Round "4"]
[White "Caire, Francois"]
[Black "Ramaswamy, Kishor"]
[Result "0-1"]
[WhiteElo "2260"]
[BlackElo "2118"]
[PlyCount "38"]
[GameId "2160767910155590"]
[EventDate "2009.07.18"]
[EventType "swiss"]
[EventRounds "9"]
[EventCountry "CAN"]
[SourceTitle "hb 2009.08"]

1. d4 d5 2. Nf3 Nf6 3. c4 c6 4. Nc3 a6 5. a4 e6 6. Bg5 Nbd7 7. e3 Qa5 8. Nd2 Bb4 9. Qc2 c5 10. Nb3 Qb6 11. Bd3 dxc4 12. Bxc4 Qc6 13. Bf1 Ne4 14. d5 exd5 15. Bh4 Qh6 16. Bg3 Nxg3 17. hxg3 Qxh1 18. O-O-O Bxc3 19. Qxc3 Qh6 0-1

[Event "Quebec op U2400"]
[Site "Montreal CAN"]
[Date "2009.07.20"]
[Round "4"]
[White "De Lagrave, Sylvain"]
[Black "Beaulieu, Pierre"]
[Result "1/2-1/2"]
[WhiteElo "2057"]
[BlackElo "1989"]
[PlyCount "94"]
[GameId "2160767910155591"]
[EventDate "2009.07.18"]
[EventType "swiss"]
[EventRounds "9"]
[EventCountry "CAN"]
[SourceTitle "hb 2009.08"]

1. e4 b6 2. d4 Bb7 3. Bd3 e6 4. Nf3 Nf6 5. Qe2 Be7 6. c3 d5 7. Nbd2 c6 8. e5 Nfd7 9. h4 h6 10. Nf1 c5 11. g4 g6 12. Ne3 Nf8 13. Ng2 Nc6 14. a3 Qc7 15. g5 h5 16. O-O a6 17. Nf4 c4 18. Bc2 Na5 19. Nd2 Bc6 20. Qe3 Qd7 21. a4 Bd8 22. Ng2 Rb8 23. Qf3 Nh7 24. Nf4 Nf8 25. Ng2 Nh7 26. Nf4 Nf8 27. Qd1 Be7 28. Ng2 Kd8 29. f4 Qb7 30. Ne3 Bd7 31. Rf2 Ke8 32. Qe2 Qc8 33. Nd1 Bd8 34. Ne3 Qc6 35. Qe1 Rh7 36. Kh2 Rc8 37. Kg3 Rh8 38. Kh2 Be7 39. Kg1 Bd8 40. Rg2 Rh7 41. Rf2 Be7 42. Qe2 Rc7 43. Nd1 Bc8 44. Rf1 Qd7 45. Rb1 Bd8 46. Ne3 Qe7 47. Ra1 Nd7 1/2-1/2

[Event "Quebec op U2400"]
[Site "Montreal CAN"]
[Date "2009.07.20"]
[Round "4"]
[White "Kayembe, Doris"]
[Black "Ibrahim, Anthony"]
[Result "0-1"]
[WhiteElo "1901"]
[BlackElo "2172"]
[PlyCount "57"]
[GameId "2160767910155593"]
[EventDate "2009.07.18"]
[EventType "swiss"]
[EventRounds "9"]
[EventCountry "CAN"]
[SourceTitle "hb 2009.08"]

1. e4 c5 2. Nf3 Nc6 3. d4 cxd4 4. Nxd4 Nf6 5. Nc3 e5 6. Ndb5 d6 7. Bg5 a6 8. Na3 b5 9. Bxf6 gxf6 10. Nd5 Bg7 11. c3 f5 12. Bd3 Be6 13. O-O Bxd5 14. exd5 Ne7 15. Re1 O-O 16. Qh5 e4 17. Bf1 b4 18. cxb4 Bxb2 19. Rab1 Bg7 20. Nc4 Rb8 21. Rb3 Qd7 22. Rh3 h6 23. Ne3 Rxb4 24. g4 f4 25. Nc2 Rb2 26. Nd4 Bxd4 27. Qxh6 Qxg4+ 28. Kh1 Qg6 29. Qxg6+ 0-1

[Event "Quebec op U2400"]
[Site "Montreal CAN"]
[Date "2009.07.20"]
[Round "4"]
[White "Libersan, Thierry"]
[Black "Fareh, Youness"]
[Result "1-0"]
[WhiteElo "2053"]
[BlackElo "2177"]
[PlyCount "47"]
[GameId "2160767910155594"]
[EventDate "2009.07.18"]
[EventType "swiss"]
[EventRounds "9"]
[EventCountry "CAN"]
[SourceTitle "hb 2009.08"]

1. e4 c5 2. Nf3 e6 3. d4 cxd4 4. Nxd4 Nf6 5. Nc3 Nc6 6. Ndb5 Bb4 7. a3 Bxc3+ 8. Nxc3 d5 9. exd5 exd5 10. Bd3 O-O 11. O-O d4 12. Ne2 Bg4 13. Bg5 Qd6 14. Qd2 Rfe8 15. Rae1 Rad8 16. Ng3 Ne7 17. Ne4 Nxe4 18. Rxe4 Bh5 19. Rfe1 f6 20. Bf4 Qd7 21. Qa5 Bg6 22. Bc4+ Kf8 23. Re6 b6 24. Rxf6+ 1-0

[Event "Quebec op U2400"]
[Site "Montreal CAN"]
[Date "2009.07.20"]
[Round "4"]
[White "Luksza, Arkadiusz"]
[Black "Poulin, Mathieu"]
[Result "1-0"]
[WhiteElo "2124"]
[BlackElo "1749"]
[PlyCount "144"]
[GameId "2160767910155595"]
[EventDate "2009.07.18"]
[EventType "swiss"]
[EventRounds "9"]
[EventCountry "CAN"]
[SourceTitle "hb 2009.08"]

1. d4 d5 2. Nf3 Nf6 3. c4 e6 4. Nc3 Be7 5. g3 O-O 6. Bg2 dxc4 7. Ne5 c5 8. dxc5 Qxd1+ 9. Nxd1 Bxc5 10. O-O Bd4 11. Nxc4 Nc6 12. Nc3 e5 13. e3 Bxc3 14. bxc3 Be6 15. Nd6 Rab8 16. Nxb7 Rxb7 17. Bxc6 Rc7 18. Bg2 e4 19. Ba3 Rfc8 20. Bb4 Rc4 21. Rfd1 Nd5 22. a3 f5 23. Bf1 R4c6 24. c4 Nxb4 25. axb4 Bxc4 26. Rxa7 Bxf1 27. Kxf1 Rc1 28. Rxc1 Rxc1+ 29. Kg2 Rb1 30. Rb7 g6 31. h3 h5 32. g4 fxg4 33. hxg4 Rb2 34. Kg3 Kh8 35. b5 Kg8 36. b6 Kf8 37. gxh5 gxh5 38. Rh7 Rxb6 39. Rxh5 Kf7 40. Re5 Rb4 41. Rh5 Kg6 42. Rd5 Rb6 43. Kg4 Rf6 44. Rg5+ Kh6 45. Rf5 Re6 46. Kf4 Kg7 47. Rg5+ Kf6 48. Ra5 Kg7 49. Rf5 Kh6 50. Rc5 Rf6+ 51. Kg3 Rg6+ 52. Kh3 Rf6 53. Kg2 Rg6+ 54. Kf1 Rg4 55. Rf5 Rg6 56. Ke2 Rc6 57. Rf4 Re6 58. Kd2 Rd6+ 59. Kc3 Rd3+ 60. Kc2 Ra3 61. Kd2 Ra4 62. Kc3 Kg5 63. Kb3 Rd4 64. exd4 Kxf4 65. d5 Kf3 66. d6 Kxf2 67. d7 e3 68. d8=Q e2 69. Qh4+ Kf1 70. Qf4+ Kg2 71. Qe3 Kf1 72. Qf3+ Ke1 1-0

[Event "Quebec op U2400"]
[Site "Montreal CAN"]
[Date "2009.07.20"]
[Round "4"]
[White "Modwal, Sankalp"]
[Black "Wilkin, Alain"]
[Result "1-0"]
[WhiteElo "2147"]
[BlackElo "1928"]
[PlyCount "121"]
[GameId "2160767910155597"]
[EventDate "2009.07.18"]
[EventType "swiss"]
[EventRounds "9"]
[EventCountry "CAN"]
[SourceTitle "hb 2009.08"]

1. e4 c5 2. Nf3 e6 3. d4 cxd4 4. Nxd4 a6 5. Nc3 Qc7 6. Be3 Bb4 7. Qd2 Nf6 8. f3 d5 9. Nde2 dxe4 10. a3 Be7 11. fxe4 Nc6 12. Nd4 Nxd4 13. Bxd4 e5 14. Be3 Be6 15. Bd3 O-O 16. h3 b5 17. O-O Bc5 18. Kh1 Bxe3 19. Qxe3 Nd7 20. Rf3 Qc5 21. Qg5 f6 22. Qh4 Rf7 23. Raf1 Re8 24. Qh5 g6 25. Rg3 Rg7 26. Qh6 Qe7 27. Rgf3 Rf8 28. Qe3 Rgf7 29. Qa7 b4 30. axb4 Qxb4 31. Qxa6 Nc5 32. Qa3 Nxd3 33. cxd3 Qxa3 34. bxa3 Kg7 35. a4 Ra8 36. Ra1 Ra5 37. Nb5 Rd7 38. Ra3 f5 39. Kg1 h6 40. Re3 Kf6 41. Re1 fxe4 42. dxe4 Bc4 43. Nc3 Rd2 44. Rd1 Rxd1+ 45. Nxd1 Ke7 46. Nb2 Be6 47. Kf2 Kf6 48. h4 Ke7 49. Ke3 g5 50. hxg5 hxg5 51. Rc3 Ra6 52. Rc5 Kd6 53. Rb5 g4 54. a5 Rc6 55. Rb6 Kc7 56. Rxc6+ Kxc6 57. Nd3 Kd6 58. a6 Bc8 59. a7 Bb7 60. g3 Ba8 61. Nf2 1-0

[Event "Quebec op U2400"]
[Site "Montreal CAN"]
[Date "2009.07.20"]
[Round "4"]
[White "Robichaud, Louis"]
[Black "Auger, Bertrand"]
[Result "1/2-1/2"]
[WhiteElo "2123"]
[BlackElo "1967"]
[PlyCount "87"]
[GameId "2160767910155598"]
[EventDate "2009.07.18"]
[EventType "swiss"]
[EventRounds "9"]
[EventCountry "CAN"]
[SourceTitle "EXT 2011"]
[Source "ChessBase"]
[SourceDate "2011.11.26"]
[SourceVersion "1"]
[SourceVersionDate "2011.11.26"]
[SourceQuality "1"]

1. Nf3 Nf6 2. g3 g6 3. b4 a5 4. b5 Bg7 5. Bb2 O-O 6. Bg2 d6 7. c4 e5 8. d3 Nbd7 9. a4 Ne8 10. Qc2 f5 11. Nbd2 Nef6 12. O-O Qe7 13. e3 Rb8 14. Rfe1 b6 15. Nh4 Bb7 16. Bxb7 Rxb7 17. f4 Rbb8 18. fxe5 Nxe5 19. Nhf3 Nfg4 20. Nxe5 Nxe5 21. Bd4 Rbe8 22. Re2 Ng4 23. Bxg7 Qxg7 24. Rae1 Qh6 25. Nf1 Re7 26. Qd2 Qg7 27. Kg2 Rfe8 28. e4 fxe4 29. Qg5 Nf6 30. dxe4 Nd7 31. Qd5+ Qf7 32. e5 dxe5 33. Ne3 Nc5 34. Rf1 Qe6 35. Qxe6+ Rxe6 36. Nd5 Nxa4 37. Nxc7 Nc5 38. Nxe6 Rxe6 39. Ref2 Re7 40. Rf8+ Kg7 41. Rb8 Re6 42. Rc8 Re7 43. Rb8 Re6 44. Rc8 1/2-1/2

[Event "Quebec op U2400"]
[Site "Montreal CAN"]
[Date "2009.07.20"]
[Round "4"]
[White "Rosen, Matthew"]
[Black "Voskanyan, Vahagn"]
[Result "0-1"]
[WhiteElo "2044"]
[BlackElo "2258"]
[PlyCount "62"]
[GameId "2160767910155599"]
[EventDate "2009.07.18"]
[EventType "swiss"]
[EventRounds "9"]
[EventCountry "CAN"]
[SourceTitle "hb 2009.08"]

1. e4 c6 2. d4 d5 3. Nd2 dxe4 4. Nxe4 Nf6 5. Nxf6+ exf6 6. Nf3 Bd6 7. Bd3 O-O 8. O-O Bg4 9. c4 Qc7 10. h3 Bh5 11. Re1 c5 12. d5 Nd7 13. g4 Bg6 14. Bxg6 hxg6 15. Qd3 Be5 16. Rb1 g5 17. Bd2 Rfe8 18. Re4 Bd6 19. Rbe1 Rxe4 20. Rxe4 Nf8 21. h4 gxh4 22. Nxh4 g6 23. Qe3 Be5 24. Qh6 Qd7 25. b4 b6 26. bxc5 bxc5 27. Qe3 Bd4 28. Qe2 Rb8 29. Nf3 Ba1 30. Qe1 Bb2 31. Re7 Qxg4+ 0-1

[Event "Quebec op U2400"]
[Site "Montreal CAN"]
[Date "2009.07.20"]
[Round "4"]
[White "Wang, Andrew"]
[Black "Audet-Bouchard, Nicolas"]
[Result "1-0"]
[WhiteElo "2114"]
[BlackElo "2151"]
[PlyCount "85"]
[GameId "2160767910155601"]
[EventDate "2009.07.18"]
[EventType "swiss"]
[EventRounds "9"]
[EventCountry "CAN"]
[SourceTitle "hb 2009.08"]

1. e4 c5 2. Nf3 Nc6 3. Bb5 e6 4. Bxc6 bxc6 5. d3 Ne7 6. Qe2 Ng6 7. h4 h5 8. e5 Be7 9. Qe4 Rb8 10. c4 d5 11. exd6 Qxd6 12. Nc3 f5 13. Qe2 Bf6 14. Rh3 Nf4 15. Bxf4 Qxf4 16. Kf1 O-O 17. Ng5 g6 18. Re1 Re8 19. Na4 Qd6 20. b3 e5 21. Rg3 Bg7 22. f4 Bd7 23. Rf3 exf4 24. Qd2 Rxe1+ 25. Qxe1 Bd4 26. Nc3 Re8 27. Ne2 Be3 28. Qd1 Qe5 29. Nh3 Qf6 30. Nexf4 Qb2 31. Rg3 Kf7 32. Rxg6 Bd2 33. Ng5+ Kf8 34. Ne2 f4 35. Ne4 Be3 36. Rf6+ Kg7 37. Nxf4 Rxe4 38. Nxh5+ Kh7 39. dxe4 Be8 40. Rf5 Bg6 41. Nf6+ Kg7 42. Qd7+ Bf7 43. Nh5+ 1-0

[Event "Quebec op U2400"]
[Site "Montreal CAN"]
[Date "2009.07.20"]
[Round "4"]
[White "Wenaas, Eric"]
[Black "Hajiyev, Elshad"]
[Result "1-0"]
[WhiteElo "2171"]
[BlackElo "2096"]
[PlyCount "74"]
[GameId "2160767910155602"]
[EventDate "2009.07.18"]
[EventType "swiss"]
[EventRounds "9"]
[EventCountry "CAN"]
[SourceTitle "hb 2009.08"]

1. c4 e5 2. Nc3 Nc6 3. Nf3 f5 4. d3 Nf6 5. g3 Bc5 6. Bg5 e4 7. d4 Bb4 8. Ne5 d6 9. Nxc6 bxc6 10. Qb3 Ba5 11. Qa3 Bxc3+ 12. Qxc3 h6 13. Bd2 O-O 14. Bg2 Rb8 15. O-O Bd7 16. f3 Qe8 17. b3 Qh5 18. Qa5 Rbe8 19. Qxc7 e3 20. Bc3 d5 21. Bb4 Rf7 22. Bd6 g5 23. Be5 Nh7 24. Qxa7 f4 25. Qc5 fxg3 26. hxg3 Qg6 27. cxd5 cxd5 28. Rac1 h5 29. Qxd5 h4 30. Rc7 Be6 31. Qd6 Rxc7 32. Qxc7 h3 33. Bh1 Rc8 34. Qd6 Rc2 35. d5 h2+ 36. Kxh2 Nf8 37. dxe6 Qh6+ 1-0

[Event "Quebec op U2400"]
[Site "Montreal CAN"]
[Date "2009.07.21"]
[Round "5"]
[White "Audet-Bouchard, Nicolas"]
[Black "Libersan, Thierry"]
[Result "1/2-1/2"]
[WhiteElo "2151"]
[BlackElo "2093"]
[PlyCount "57"]
[GameId "2160767910155604"]
[EventDate "2009.07.18"]
[EventType "swiss"]
[EventRounds "9"]
[EventCountry "CAN"]
[SourceTitle "hb 2009.08"]

1. e4 c5 2. Nf3 d6 3. d4 cxd4 4. Nxd4 Nf6 5. Nc3 a6 6. Bd3 e5 7. Nde2 Be6 8. Bg5 Nbd7 9. O-O Be7 10. a4 O-O 11. a5 Rc8 12. Qd2 h6 13. Be3 Ng4 14. Nd5 Bxd5 15. exd5 f5 16. f3 Nxe3 17. Qxe3 Nc5 18. Bc4 f4 19. Qc1 b5 20. axb6 Qxb6 21. Kh1 Ne4 22. Bxa6 Ra8 23. fxe4 Rxa6 24. Rxa6 Qxa6 25. c4 Rc8 26. b3 Qa2 27. Qd1 Rb8 28. Rf3 Bd8 29. h3 1/2-1/2

[Event "Quebec op U2400"]
[Site "Montreal CAN"]
[Date "2009.07.21"]
[Round "5"]
[White "Beaulieu, Pierre"]
[Black "Cvetkovic, Simeon"]
[Result "1-0"]
[WhiteElo "1989"]
[BlackElo "1762"]
[PlyCount "125"]
[GameId "2160767910155605"]
[EventDate "2009.07.18"]
[EventType "swiss"]
[EventRounds "9"]
[EventCountry "CAN"]
[SourceTitle "hb 2009.08"]

1. e4 c5 2. Nc3 Nc6 3. Nge2 d6 4. d4 cxd4 5. Nxd4 Bd7 6. Bc4 Nf6 7. Nde2 g6 8. O-O Bg7 9. Ng3 O-O 10. Bg5 h6 11. Bf4 g5 12. Bc1 Ne5 13. Bb3 Qc8 14. Nd5 Nxd5 15. Bxd5 Ng4 16. c3 Be5 17. h3 Nf6 18. f4 gxf4 19. Bxf4 Qc5+ 20. Kh1 Bxf4 21. Rxf4 Qe3 22. Qf3 Qxf3 23. Rxf3 Nh7 24. Nf5 Bxf5 25. exf5 Nf6 26. Bb3 Rac8 27. Re3 Rfe8 28. Ba4 Nd5 29. Rg3+ Kf8 30. Bxe8 Rxe8 31. Rd1 Nf6 32. Rd4 Rc8 33. Rf3 Rc5 34. Kg1 Ke8 35. Kf1 Re5 36. Ra4 a6 37. Rb4 b5 38. a4 Nd5 39. Rh4 Ne3+ 40. Kf2 Nd1+ 41. Kg3 Nxb2 42. axb5 axb5 43. Rxh6 Na4 44. f6 Kd7 45. fxe7 Kxe7 46. Rd3 Nc5 47. Rdxd6 Re3+ 48. Kh2 Ne4 49. Rb6 Rxc3 50. Rb7+ Kf8 51. Rxb5 Kg7 52. Rh4 Nf6 53. Rf4 Rc6 54. Rbf5 Rb6 55. Rxf6 Rxf6 56. Rxf6 Kxf6 57. Kg3 Kg5 58. Kf3 f6 59. g3 f5 60. Ke3 Kg6 61. Kf4 Kf6 62. h4 Kg6 63. Ke5 1-0